| 000 | 00577nam a22001697a 4500 | ||
|---|---|---|---|
| 005 | 20251108164318.0 | ||
| 008 | 250721s2000 xx 000 0 ara d | ||
| 082 | 1 | 4 | _a660/خضي |
| 100 | 1 | _aخضير، ثعبان كاظم | |
| 245 | 1 | 0 |
_aالكيمياء الصناعية : _bالطلاءات الواقيه و الأصباغ / |
| 264 | 1 |
_aعمان : _bدار المسيرة للنشر و التوزيع و الطباعة، _c2000. |
|
| 300 | _a250ص | ||
| 650 | 1 | 7 | _aالكيمياء |
| 650 | 1 | 7 | _aالصناعات الكيميائية |
| 942 |
_2ddc _cBK |
||
| 999 |
_c9059 _d9059 |
||